000
00239 a2200109 4500
001
75158
082
_a
629.132MIE
090
_c
39101
_d
39101
100
_a
Miele, Angele
245
_a
Flight Mechanics Vol I
260
_b
Wesley pub
_c
1962
942
_a
NUST-CAE
_k
629.132MIE
999
_c
310231
_d
310231